000 00998nmm a2200301 a 4500
003 AR-BaBNM
005 20251128203322.0
008 107019s1926 ||||||||||||||000 | spa||
040 _cAR-BaBNM
100 1 _aLópez, Vicente Fidel
_d1815-1903
245 1 0 _aHistoria de la Argentina
_bsu origen, su revolución y su desarrollo político hasta 1852. 4
250 _a4ª ed.
260 _aBuenos Aires
_bLa Facultad
_c1926
300 0 _a430 p.
_bil., láms.
500 0 _aEn portada figura en el título la continuación hasta nuestros días.
500 0 _aContiene apéndice para consultar p. 409-430
650 4 _aCAMPANAS AL ALTO PERU
650 4 _aASAMBLEA DE 1813
650 4 _aCAUDILLOS ARGENTINOS
650 4 _aHISTORIA POLITICA ARGENTINA
650 4 _aHISTORIA INSTITUCIONAL
650 4 _aGUERRAS DE LA INDEPENDENCIA
650 4 _aCAMPANAS DE LA BANDA ORIENTAL
651 4 _aArgentina
700 1 _aVera y González, Emilio
_ecolaborador
942 _cBK
998 _cmariana
999 _c2875
_d2875